[Event "Reykjavik Open 2026"]
[Site "Reykjavik"]
[Date "2026.03.29"]
[Round "7.51"]
[White "Patel, Zain"]
[Black "Manish, Anto Cristiano F"]
[Result "0-1"]
[WhiteElo "2062"]
[WhiteFideId "469246"]
[BlackElo "2384"]
[BlackFideId "25095927"]
[Variant "Standard"]

1. Nf3 d5 2. b3 c5 3. e3 f6 4. d4 cxd4 5. exd4 Nc6 6. Bb2 Bg4 7. h3 Bh5 8. Be2 e6 9. O-O Bd6 10. c4 Nge7 11. Nc3 O-O 12. Re1 a6 13. Qd2 Bf7 14. cxd5 exd5 15. Na4 Ng6 16. Nc5 Qc7 17. Bf1 Rfe8 18. Nd3 Re4 19. Nc5 Ree8 20. Nd3 Nf4 21. Nxf4 Bxf4 22. Qc3 Qd7 23. Bd3 Rec8 24. Qc2 g6 25. Qd1 Nb4 26. Bb1 Qc7 27. g3 Bd6 28. Qd2 Qd7 29. a3 Nc6 30. Kg2 Be6 31. Qh6 Bf8 32. Qh4 Na5 33. Qxf6 Bxh3+ 34. Kh2 Nxb3 35. Ra2 Bf5 36. Ne5 Qg7 37. Qb6 Qh6+ 38. Kg2 Qh3+ 39. Kg1 Nd2 40. Bxf5 Qxf5 41. g4 Nf3+ 42. Kh1 Qf4 43. Qe6+ Kh8 44. Nxf3 Qxf3+ 45. Kg1 Rc2 46. Rf1 Bg7 47. g5 Rf8 48. Qe7 Qg4+ 49. Kh2 Qh4+ 50. Kg2 Rcxf2+ 0-1

[Event "Reykjavik Open 2026"]
[Site "Reykjavik"]
[Date "2026.03.29"]
[Round "7.52"]
[White "Thorfinnsson, Bragi"]
[Black "Karason, Askell O"]
[Result "1/2-1/2"]
[WhiteElo "2377"]
[WhiteFideId "2300958"]
[BlackElo "2109"]
[BlackFideId "2300567"]
[Variant "Standard"]

1. e4 c5 2. Nc3 Nc6 3. f4 e6 4. Nf3 d5 5. Bb5 Ne7 6. O-O d4 7. Ne2 a6 8. Bxc6+ Nxc6 9. d3 Be7 10. Ne5 Qc7 11. Nxc6 Qxc6 12. f5 exf5 13. exf5 b6 14. Ng3 Bb7 15. Ne4 O-O-O 16. Bf4 h5 17. Qd2 h4 18. h3 Rh5 19. Bh2 Rd5 20. f6 Bxf6 21. Rae1 Bg5 22. Nxg5 Rdxg5 23. Rf2 Rg6 24. Re7 Rhg5 25. Ree2 Qd5 26. c4 dxc3 27. bxc3 Rf5 28. Rxf5 Qxf5 29. Qe1 Qg5 30. Qf1 Qd5 31. c4 Qd4+ 32. Kh1 Rf6 33. Qe1 Bc6 34. Be5 Qxd3 35. Bxf6 gxf6 36. Qf1 Qxh3+ 37. Kg1 Qg4 38. Qxf6 Qxe2 39. Qxc6+ Kd8 40. Qd6+ Ke8 41. Qc6+ Kd8 42. Qd6+ Ke8 43. Qc6+ Kd8 44. Qd5+ Ke8 45. Qc6+ 1/2-1/2

[Event "Reykjavik Open 2026"]
[Site "Reykjavik"]
[Date "2026.03.29"]
[Round "7.53"]
[White "Soderstrom, Adrian"]
[Black "Quirke, Jeffrey"]
[Result "1-0"]
[WhiteElo "2374"]
[WhiteFideId "1745786"]
[BlackElo "2075"]
[BlackFideId "2013029"]
[Variant "Standard"]

1. e4 e5 2. Nf3 Nc6 3. Bb5 a6 4. Ba4 b5 5. Bb3 g6 6. d4 exd4 7. c3 Bg7 8. cxd4 Nge7 9. Nc3 Na5 10. Bc2 d6 11. h3 O-O 12. O-O c5 13. dxc5 dxc5 14. Be3 Qc7 15. Qc1 Bb7 16. Bh6 Rad8 17. Bxg7 Kxg7 18. Ne2 Rfe8 19. Ng3 Ng8 20. h4 Nc6 21. h5 Nd4 22. Nxd4 cxd4 23. Qd2 d3 24. Bb3 Bxe4 25. Rae1 Nf6 26. Qg5 h6 27. Qd2 Ba8 28. Rxe8 Rxe8 29. hxg6 fxg6 30. Qxd3 Qc6 31. f3 Qc5+ 32. Kh2 Qg5 33. Qd4 Bd5 34. Bxd5 Qxd5 35. Qxd5 Nxd5 36. Rc1 Re6 37. Ne4 g5 38. Kg3 Kg6 39. Rc8 Nf6 40. Nc5 Rd6 41. Ra8 Nh5+ 42. Kf2 Rd2+ 43. Ke3 Rxg2 44. Rxa6+ Kf5 45. Nd7 Rxb2 46. Rxh6 Rh2 47. a3 Rh4 48. Rb6 Ra4 49. Rxb5+ Kg6 50. Ne5+ Kg7 51. Rb3 Ng3 52. Rd3 Nf5+ 53. Kd2 Nd4 54. Kc1 Kf6 55. Nd7+ Kf5 56. Nb6 Ra6 57. Rxd4 Rxb6 58. Rb4 Re6 59. Kd2 Rh6 60. Ke3 Rh2 61. Rb5+ Kf6 62. a4 Ra2 63. a5 Ra4 64. Rc5 Kg6 65. Rc6+ Kf5 66. a6 Ke5 67. Kd3 Kf4 68. Rc4+ Rxc4 69. Kxc4 Kxf3 70. a7 1-0

[Event "Reykjavik Open 2026"]
[Site "Reykjavik"]
[Date "2026.03.29"]
[Round "7.54"]
[White "Brackmann, Hendrik"]
[Black "Balabayeva, Xeniya"]
[Result "0-1"]
[WhiteElo "2060"]
[WhiteFideId "12905135"]
[BlackElo "2365"]
[BlackFideId "13719688"]
[Variant "Standard"]

1. e4 c6 2. d4 d5 3. e5 Bf5 4. h4 h5 5. Bg5 Qb6 6. Bd3 Qxd4 7. Nf3 Qg4 8. Bxf5 Qxf5 9. O-O e6 10. c4 Nd7 11. cxd5 exd5 12. Nc3 Be7 13. Re1 Nc5 14. Re3 Ne6 15. Ne2 Bxg5 16. Nxg5 Nh6 17. Rf3 Qxe5 18. Nxe6 fxe6 19. Nf4 Ng4 20. Qd2 O-O 21. Re1 Qc7 22. Rxe6 Rf7 23. Qe2 Rxf4 24. Re7 Qd6 25. Re6 Re4 0-1

[Event "Reykjavik Open 2026"]
[Site "Reykjavik"]
[Date "2026.03.29"]
[Round "7.55"]
[White "Domalchuk-Jonasson, Aleksandr"]
[Black "Zhu, Yilun"]
[Result "1/2-1/2"]
[WhiteElo "2362"]
[WhiteFideId "14142805"]
[BlackElo "2087"]
[BlackFideId "8609292"]
[Variant "Standard"]

1. c4 e6 2. Nc3 Nf6 3. e4 d5 4. e5 d4 5. exf6 dxc3 6. bxc3 Qxf6 7. Nf3 Nc6 8. Bd3 Ne5 9. Be4 Nxf3+ 10. Qxf3 Qxf3 11. Bxf3 e5 12. d4 exd4 13. cxd4 Bb4+ 14. Bd2 a5 15. Bxb4 axb4 16. O-O Ke7 17. Rfb1 Rd8 18. d5 Rd6 19. Rxb4 Rda6 20. c5 Rxa2 21. Re1+ Kf8 22. h4 Rc2 23. Rb5 Bd7 24. Rxb7 Rxc5 25. d6 Rc8 26. Re7 Be6 27. Rexc7 R5xc7 28. Rxc7 Rxc7 29. dxc7 Bc8 30. Be4 h6 31. g4 Ke7 32. Kh2 Kd6 33. Kg3 Kxc7 34. Bd5 f6 35. Kf4 Kd6 36. Bb3 g5+ 37. hxg5 hxg5+ 38. Kf3 1/2-1/2

[Event "Reykjavik Open 2026"]
[Site "Reykjavik"]
[Date "2026.03.29"]
[Round "7.56"]
[White "Thorsteinsdottir, Hallgerdur"]
[Black "Thorfinnsson, Bjorn"]
[Result "0-1"]
[WhiteElo "2042"]
[WhiteFideId "2302454"]
[BlackElo "2335"]
[BlackFideId "2300982"]
[Variant "Standard"]

1. e4 e5 2. Nf3 Nc6 3. Bc4 Nf6 4. d3 h6 5. Nc3 g6 6. a4 Bg7 7. Nd5 Nxd5 8. Bxd5 O-O 9. O-O Kh7 10. Re1 d6 11. Bxc6 bxc6 12. d4 exd4 13. Nxd4 c5 14. Nb5 f5 15. Ra3 fxe4 16. Rxe4 d5 17. Rf4 c6 18. Nc3 Rb8 19. Rxf8 Qxf8 20. Qe2 Bf5 21. Nd1 d4 22. Rf3 Qe8 23. Kf1 Qxe2+ 24. Kxe2 Bg4 25. Kd3 Bxf3 26. gxf3 Re8 27. Bd2 g5 0-1

[Event "Reykjavik Open 2026"]
[Site "Reykjavik"]
[Date "2026.03.29"]
[Round "7.57"]
[White "Wang, Qibiao"]
[Black "Hardarson, Jon Trausti"]
[Result "1-0"]
[WhiteElo "2332"]
[WhiteFideId "8604282"]
[BlackElo "2071"]
[BlackFideId "2302594"]
[Variant "Standard"]

1. e4 e5 2. Nf3 Nc6 3. Bc4 Nf6 4. d3 Be7 5. O-O O-O 6. Re1 d6 7. c3 Na5 8. Bb3 a6 9. Ba4 b5 10. Bc2 c5 11. Nbd2 Qc7 12. Nf1 Re8 13. h3 h6 14. Ng3 Bf8 15. Nh2 d5 16. Qf3 dxe4 17. dxe4 Qb6 18. Nf5 Bxf5 19. exf5 c4 20. Ng4 Nxg4 21. hxg4 f6 22. Be4 Rad8 23. b4 cxb3 24. axb3 b4 25. Bd5+ Kh8 26. c4 Bc5 27. g5 fxg5 28. Rxa5 Qxa5 29. Bxg5 Rxd5 30. cxd5 e4 31. Qh5 Rf8 32. Bxh6 Bxf2+ 33. Kxf2 gxh6 34. Qxh6+ Kg8 35. Qg6+ 1-0

[Event "Reykjavik Open 2026"]
[Site "Reykjavik"]
[Date "2026.03.29"]
[Round "7.58"]
[White "Brzezina, Piotr"]
[Black "Kolka, David"]
[Result "1-0"]
[WhiteElo "2328"]
[WhiteFideId "21078874"]
[BlackElo "2069"]
[BlackFideId "2308010"]
[Variant "Standard"]

1. e4 c6 2. d4 d5 3. f3 e6 4. Nc3 Bb4 5. Bd2 b6 6. Bd3 Ba6 7. Bxa6 Nxa6 8. Nh3 Ne7 9. a3 Bxc3 10. Bxc3 Nc7 11. a4 O-O 12. O-O Rc8 13. Qe2 Qd7 14. Rfd1 f5 15. Bb4 Rfe8 16. c4 Ng6 17. Rac1 Red8 18. b3 h6 19. Ba3 a6 20. Qe1 Ne8 21. Qe2 dxe4 22. fxe4 Nf6 23. Nf2 Qf7 24. e5 Ne8 25. a5 b5 26. Bc5 Ra8 27. Nd3 Nf8 28. Qf2 Rdc8 29. h4 Nd7 30. Ba3 g5 31. hxg5 hxg5 32. Kh2 Kg7 33. Rh1 f4 34. Rce1 Qf5 35. Rd1 bxc4 36. bxc4 Rab8 37. Nb4 Rxb4 38. Bxb4 Nb8 39. Qf3 Qh7+ 40. Kg1 1-0

[Event "Reykjavik Open 2026"]
[Site "Reykjavik"]
[Date "2026.03.29"]
[Round "7.59"]
[White "Roubalik, Jakub"]
[Black "Krischer, Markus"]
[Result "1-0"]
[WhiteElo "2316"]
[WhiteFideId "322237"]
[BlackElo "2042"]
[BlackFideId "34616152"]
[Variant "Standard"]

1. d4 Nf6 2. c4 e5 3. dxe5 Ne4 4. a3 b6 5. Nf3 Bb7 6. e3 a5 7. b3 g5 8. Bb2 Bg7 9. Qc2 Na6 10. Nbd2 Nec5 11. Qf5 Ne6 12. Be2 Qe7 13. O-O O-O-O 14. b4 g4 15. Qxg4 Rhg8 16. Qf5 Bh8 17. c5 bxc5 18. b5 Nb8 19. Bc3 Ng5 20. Bxa5 Bd5 21. b6 cxb6 22. Bxb6 Rde8 23. Bxc5 Nxf3+ 24. Nxf3 Qxe5 25. Qxe5 Bxe5 26. Rac1 Bc6 27. g3 Bc7 28. Nd4 Bb7 29. Nb5 Nc6 30. Nxc7 Kxc7 31. Rfd1 Re6 32. Rd2 d6 33. Bb4 Kd7 34. Bb5 Rg5 35. Ba4 h5 36. h4 Rgg6 37. Rd5 Re8 38. Rcd1 1-0

[Event "Reykjavik Open 2026"]
[Site "Reykjavik"]
[Date "2026.03.29"]
[Round "7.60"]
[White "Schmid, Bernhard"]
[Black "Unuk, Laura"]
[Result "1-0"]
[WhiteElo "2015"]
[WhiteFideId "12915467"]
[BlackElo "2314"]
[BlackFideId "14609215"]
[Variant "Standard"]

1. d4 e6 2. c4 b6 3. Nc3 Bb7 4. e4 Bb4 5. Bd3 f5 6. Ne2 fxe4 7. Bc2 Nf6 8. O-O O-O 9. Bg5 Be7 10. Bxf6 Bxf6 11. Nxe4 Nc6 12. Nxf6+ Qxf6 13. Qd3 g6 14. Rac1 Nb4 15. Qd2 Nxc2 16. Rxc2 Rae8 17. Rc3 Re7 18. Ra3 a5 19. b4 axb4 20. Ra7 Rb8 21. Qxb4 Rf7 22. Qa3 Bc6 23. Qg3 d6 24. Rb1 Rbf8 25. Rf1 Qf5 26. Nc3 Qc2 27. Qe3 Be8 28. h3 Kg7 29. Ne4 h6 30. f3 Qxc4 31. Rc1 Qb4 32. Rcxc7 d5 33. Nf2 Qd6 34. Rxf7+ Rxf7 35. Rxf7+ Bxf7 36. Ng4 g5 37. h4 Qd8 38. Ne5 gxh4 39. Qxh6+ Kg8 40. Qh8+ Kxh8 41. Nxf7+ 1-0

[Event "Reykjavik Open 2026"]
[Site "Reykjavik"]
[Date "2026.03.29"]
[Round "7.61"]
[White "Kejna, Piotr"]
[Black "Althoff, Ralph"]
[Result "1-0"]
[WhiteElo "2310"]
[WhiteFideId "21821704"]
[BlackElo "2035"]
[BlackFideId "4623177"]
[Variant "Standard"]

1. e4 c5 2. Nf3 Nc6 3. Bb5 Nf6 4. Nc3 Qc7 5. O-O Nd4 6. Re1 a6 7. Bf1 d6 8. a3 g6 9. d3 h6 10. Nxd4 cxd4 11. Ne2 e5 12. c3 dxc3 13. Nxc3 Bg7 14. d4 exd4 15. Qxd4 Qc5 16. Qd3 O-O 17. Be3 Qc6 18. Rac1 Kh7 19. Nd5 Qb5 20. Nxf6+ Bxf6 21. Qxd6 1-0

[Event "Reykjavik Open 2026"]
[Site "Reykjavik"]
[Date "2026.03.29"]
[Round "7.62"]
[White "Kukelko, Alexey"]
[Black "Wang, Shanshan"]
[Result "1-0"]
[WhiteElo "2304"]
[WhiteFideId "14153084"]
[BlackElo "2011"]
[BlackFideId "8605262"]
[Variant "Standard"]

1. e4 c5 2. Nf3 d6 3. d4 cxd4 4. Nxd4 Nf6 5. Nc3 g6 6. Be3 Nc6 7. f3 h5 8. Be2 Bg7 9. Qd2 Nxd4 10. Bxd4 Be6 11. O-O O-O 12. Nd5 Nxd5 13. exd5 Bd7 14. Rfe1 Bxd4+ 15. Qxd4 Qb6 16. Qxb6 axb6 17. Kf2 Rfc8 18. c3 Rc5 19. Red1 b5 20. a3 Bf5 21. Rac1 Rac8 22. Ke3 Kg7 23. Kd4 e5+ 24. dxe6 fxe6 25. Ke3 d5 26. g4 hxg4 27. fxg4 Be4 28. Kd4 b6 29. h4 g5 30. h5 Bh7 31. b4 R5c7 32. Bxb5 Kf6 33. Rf1+ Ke7 34. Rf2 Bg8 35. Rf3 Kd6 36. Rf6 Ke7 37. Rf3 Kd6 38. Rf6 Ke7 39. Ke5 Rxc3 40. Rxc3 Rxc3 41. Rg6 Bf7 42. Rxg5 Re3+ 43. Kf4 Re4+ 44. Kf3 Kf6 45. h6 Bg6 46. Rxg6+ Kxg6 47. Bd3 Kxh6 48. Bxe4 dxe4+ 49. Kxe4 1-0

[Event "Reykjavik Open 2026"]
[Site "Reykjavik"]
[Date "2026.03.29"]
[Round "7.63"]
[White "Yu, Jennifer"]
[Black "Striskova, Lucia"]
[Result "1-0"]
[WhiteElo "2299"]
[WhiteFideId "2078341"]
[BlackElo "2010"]
[BlackFideId "14960958"]
[Variant "Standard"]

1. d4 d5 2. c4 e6 3. Nc3 c6 4. e3 Nf6 5. Nf3 Nbd7 6. cxd5 exd5 7. Bd3 Bd6 8. O-O O-O 9. Qc2 Re8 10. b3 Qe7 11. Bb2 Ne4 12. Ne2 Ndf6 13. Ne5 h6 14. f3 Ng5 15. Ng3 Qc7 16. Rae1 Be6 17. f4 Nge4 18. f5 Bd7 19. Nxe4 dxe4 20. Bc4 Bxe5 21. dxe5 Rxe5 22. Bxe5 Qxe5 23. Qf2 Re8 24. h3 Qa5 25. Rb1 Qb4 26. Rbd1 Re5 27. Qf4 Qe7 28. Be6 Rc5 29. Bxd7 Nxd7 30. Qc7 Rd5 31. Rxd5 cxd5 32. Rd1 Qe8 33. Rxd5 Nf8 34. Rd8 1-0

[Event "Reykjavik Open 2026"]
[Site "Reykjavik"]
[Date "2026.03.29"]
[Round "7.64"]
[White "Jiang, Brian"]
[Black "Moor, Olivier"]
[Result "0-1"]
[WhiteElo "1983"]
[WhiteFideId "2627922"]
[BlackElo "2290"]
[BlackFideId "1303112"]
[Variant "Standard"]

1. c4 e6 2. g3 d5 3. Bg2 Nf6 4. d4 Be7 5. Nf3 O-O 6. O-O c6 7. Qc2 b6 8. Nbd2 Bb7 9. e4 a5 10. Rd1 Na6 11. e5 Nd7 12. cxd5 cxd5 13. a3 Qc7 14. Qd3 Rfc8 15. Nf1 Qc2 16. Qxc2 Rxc2 17. Ne3 Rcc8 18. Bd2 a4 19. Ne1 b5 20. Bf1 Bc6 21. N1c2 Nb6 22. f4 Nc4 23. Bc3 Bd7 24. Rdc1 Nb8 25. Kf2 Nc6 26. f5 N6a5 27. Rab1 Nb3 28. fxe6 fxe6 29. Nxc4 bxc4 30. Re1 Be8 31. Bh3 Rc6 32. Ne3 Bg6 33. Rbd1 Bd8 34. Bg2 Bf7 35. Ke2 Ba5 36. g4 Rb8 37. Nc2 Bg6 38. Ne3 Rd8 39. h4 Bd3+ 40. Kf2 Bb6 41. Bf1 Nxd4 42. Kg3 Bxf1 43. Rxd4 Bxd4 44. Bxd4 Bd3 45. Ng2 Rb8 46. Nf4 Be4 47. Re3 Kf7 48. h5 Ke7 49. Ne2 Ra6 50. Nc3 Bd3 51. Na2 Rc6 52. Nb4 Rcc8 53. Rf3 Be4 54. Rf2 Rb5 55. Rd2 Rf8 56. Bc3 Rf3+ 57. Kh4 Kd7 58. Bd4 Ra5 59. Bc3 Ra8 60. Bd4 Kc7 61. Bc5 Kb7 62. Na2 Kc6 63. Bd6 Bd3 64. g5 Ra7 65. Nb4+ Kb5 66. g6 Bxg6 67. Rg2 Bf5 68. Kg5 d4 69. Rh2 Rh3 0-1

[Event "Reykjavik Open 2026"]
[Site "Reykjavik"]
[Date "2026.03.29"]
[Round "7.65"]
[White "Willy, Stephen"]
[Black "Briem, Gudrun Fanney"]
[Result "1-0"]
[WhiteElo "2290"]
[WhiteFideId "30981468"]
[BlackElo "1993"]
[BlackFideId "2317486"]
[Variant "Standard"]

1. e4 c6 2. d4 d5 3. e5 Bf5 4. g4 Bd7 5. Nc3 e6 6. Be3 c5 7. dxc5 Nc6 8. Nf3 a6 9. Qd2 Nge7 10. Bg5 Qc7 11. Bf4 Ng6 12. Bg3 Qa5 13. h4 h5 14. gxh5 Rxh5 15. Be2 Rh8 16. Bd3 Bxc5 17. Bxg6 fxg6 18. Ne2 Qb6 19. Nf4 Ne7 20. Nd3 Rf8 21. Bf4 Rc8 22. O-O-O Bb5 23. Nxc5 Qxc5 24. Nd4 Kd7 25. Be3 Qc7 26. Bg5 Nf5 27. Nxe6 Qxc2+ 28. Qxc2 Rxc2+ 29. Kxc2 Kxe6 30. b3 d4 31. a4 Bc6 32. Rhe1 Rc8 33. Kb2 Rc7 34. Ka3 Rd7 35. Kb4 Rd5 36. Rc1 a5+ 37. Kc4 Rd7 38. Kd3 Rd5 39. Rc4 Rxe5 40. Rxe5+ Kxe5 41. Rc5+ Kd6 42. Rxa5 Bg2 43. b4 Bf1+ 44. Kd2 Bg2 45. h5 b6 46. Bf4+ Kc6 47. Re5 Nh4 48. Re6+ Kd5 49. Rxb6 Ke4 50. h6 gxh6 51. Bxh6 Nf3+ 52. Kc1 g5 53. a5 Ne5 54. Bxg5 Nd3+ 55. Kd2 Nxf2 56. a6 Kd5 57. a7 Kc4 58. Bf4 Ne4+ 59. Kc1 Nc3 60. Bd2 Kb3 61. Bxc3 Kxc3 62. b5 Ba8 63. Rb8 d3 64. Rxa8 d2+ 1-0

[Event "Reykjavik Open 2026"]
[Site "Reykjavik"]
[Date "2026.03.29"]
[Round "7.66"]
[White "Ragnarsson, Johann"]
[Black "Ruiz Buendia, Miguel"]
[Result "0-1"]
[WhiteElo "1967"]
[WhiteFideId "2301040"]
[BlackElo "2279"]
[BlackFideId "24537675"]
[Variant "Standard"]

1. d4 Nf6 2. c4 e6 3. Nc3 Bb4 4. a3 Bxc3+ 5. bxc3 b6 6. Bg5 h6 7. Bh4 Ba6 8. e3 Nc6 9. Bd3 Na5 10. Qe2 c5 11. e4 cxd4 12. e5 g5 13. Bg3 Ng8 14. h4 dxc3 15. hxg5 Qxg5 16. Nf3 Qe7 17. O-O Qc5 18. Bh4 Ne7 19. Qe4 Bb7 20. Qf4 Rg8 21. Bh7 Ng6 22. Qf6 Nxh4 23. Bxg8 Nxf3+ 24. gxf3 Qe7 25. Rac1 Qxf6 26. exf6 Nxc4 27. Rxc3 d5 28. f4 b5 29. Rg3 Nd6 30. Rc1 Kd7 31. Rg7 Rf8 32. f5 e5 33. f3 d4 34. Rc5 d3 35. Rc3 e4 36. fxe4 Bxe4 37. Bh7 d2 0-1

[Event "Reykjavik Open 2026"]
[Site "Reykjavik"]
[Date "2026.03.29"]
[Round "7.67"]
[White "Hallmundarson, Birkir"]
[Black "De Vleeschauwer, Maarten"]
[Result "0-1"]
[WhiteElo "1949"]
[WhiteFideId "2319446"]
[BlackElo "2277"]
[BlackFideId "214809"]
[Variant "Standard"]

1. Nf3 d5 2. d4 Nf6 3. c4 c6 4. Nc3 e6 5. Bg5 dxc4 6. e4 b5 7. e5 h6 8. Bh4 g5 9. Nxg5 hxg5 10. Bxg5 Nbd7 11. exf6 Bb7 12. h4 Qb6 13. Qc2 O-O-O 14. O-O-O Qa5 15. Kb1 Nb6 16. Be2 Nd5 17. Nxd5 cxd5 18. h5 b4 19. h6 Rd6 20. Bd2 Kd7 21. h7 Ba6 22. Rh3 c3 23. Bxa6 Rxa6 24. bxc3 b3 25. Qb2 Ba3 26. Qa1 b2 27. Bc1 bxa1=Q+ 28. Kxa1 Bxc1 29. Rxc1 Qxa2# 0-1

[Event "Reykjavik Open 2026"]
[Site "Reykjavik"]
[Date "2026.03.29"]
[Round "7.68"]
[White "Davidsson, Oskar Vikingur"]
[Black "Sivanandan, Bodhana"]
[Result "1/2-1/2"]
[WhiteElo "1933"]
[WhiteFideId "2310627"]
[BlackElo "2268"]
[BlackFideId "497592"]
[Variant "Standard"]

1. e4 e5 2. Nf3 Nf6 3. Nc3 Nc6 4. d4 exd4 5. Nxd4 Bb4 6. Nxc6 bxc6 7. Bd3 d5 8. exd5 cxd5 9. O-O O-O 10. Bg5 c6 11. Qf3 Bd6 12. Rae1 Rb8 13. Nd1 Be6 14. b3 h6 15. Bxf6 Qxf6 16. Qxf6 gxf6 17. Ne3 Rfe8 18. Nf5 Bxf5 19. Bxf5 Re5 20. Bd3 Rbe8 21. Rd1 Bb4 22. g4 Kf8 23. Kg2 a5 24. a4 R8e7 25. Bf5 h5 26. h3 h4 27. Rd3 Be1 28. Rf3 Kg7 29. Bd3 c5 30. Rf5 Rxf5 31. gxf5 Bd2 32. Kf3 Kf8 33. Rg1 Rb7 34. Bb5 Re7 35. Rd1 Bb4 36. Rxd5 Re1 37. Rd7 Re5 38. Bd3 Be1 39. Rd8+ Kg7 40. Rd6 Bb4 41. Be4 c4 42. Rd4 cxb3 43. cxb3 Bc5 44. Rc4 Kh6 45. Bd3 Kh5 46. Rf4 Kg5 47. Rg4+ Kh5 48. Rg7 Rd5 49. Ke2 Re5+ 50. Kf3 Rd5 51. Ke2 Re5+ 52. Kf3 1/2-1/2

[Event "Reykjavik Open 2026"]
[Site "Reykjavik"]
[Date "2026.03.29"]
[Round "7.69"]
[White "Briem, Benedikt"]
[Black "Thorisson, Benedikt"]
[Result "1/2-1/2"]
[WhiteElo "2233"]
[WhiteFideId "2315432"]
[BlackElo "2003"]
[BlackFideId "2314576"]
[Variant "Standard"]

1. d4 Nf6 2. Nf3 g6 3. Nbd2 d5 4. b3 Bg7 5. Bb2 O-O 6. e3 Bf5 7. Be2 Ne4 8. Rc1 c5 9. c4 Qa5 10. a3 dxc4 11. Rxc4 b5 12. Rc1 Rd8 13. O-O Nxd2 14. Nxd2 cxd4 15. exd4 Na6 16. Nf3 Qb6 17. Qd2 Nc7 18. Qb4 Rac8 19. Ne5 a5 20. Qxe7 Bxe5 21. dxe5 Rd2 22. e6 Qxe6 23. Qxe6 Bxe6 24. Be5 Rxe2 25. Bxc7 Bxb3 26. Bxa5 Rxc1 1/2-1/2

[Event "Reykjavik Open 2026"]
[Site "Reykjavik"]
[Date "2026.03.29"]
[Round "7.70"]
[White "Pleschke, Julius Jonas"]
[Black "Oelschlaeger, Lennart"]
[Result "1/2-1/2"]
[WhiteElo "2208"]
[WhiteFideId "54734258"]
[BlackElo "1984"]
[BlackFideId "12996807"]
[Variant "Standard"]

1. Nf3 d5 2. g3 Nf6 3. Bg2 e6 4. O-O Be7 5. d3 O-O 6. Nbd2 c5 7. e4 Nc6 8. Re1 b5 9. e5 Nd7 10. Nf1 b4 11. h4 a5 12. N1h2 a4 13. a3 bxa3 14. bxa3 Rb8 15. Bg5 Ba6 16. Ng4 Re8 17. Qd2 Nd4 18. Nxd4 cxd4 19. Qf4 Qc7 20. h5 Bf8 21. h6 g6 22. Rec1 Qc3 23. Nf6+ Nxf6 24. Qxf6 Qc5 25. Bd2 Rec8 26. Qf4 Qa7 27. Bb4 Rxb4 28. axb4 Bb5 29. Ra2 Rc3 1/2-1/2

[Event "Reykjavik Open 2026"]
[Site "Reykjavik"]
[Date "2026.03.29"]
[Round "7.71"]
[White "Fossheim, Yngve"]
[Black "Haraldsson, Haraldur"]
[Result "1-0"]
[WhiteElo "2208"]
[WhiteFideId "1512277"]
[BlackElo "1971"]
[BlackFideId "2311100"]
[Variant "Standard"]

1. e4 c5 2. Nf3 Nf6 3. e5 Nd5 4. Nc3 e6 5. Ne4 f5 6. Nc3 Nc7 7. d4 cxd4 8. Bg5 Be7 9. Bxe7 Qxe7 10. Nxd4 a6 11. Qf3 Qc5 12. O-O-O Qxe5 13. Qh5+ g6 14. Qh6 Nc6 15. Nf3 Qf6 16. h4 b5 17. h5 Ne7 18. hxg6 Nxg6 19. Nh4 Kf7 20. Nf3 Ke7 21. Qh2 Ne8 22. g3 Bb7 23. Bg2 b4 24. Na4 Rc8 25. Nd4 Bxg2 26. Qxg2 Nd6 27. Nb6 Rc5 28. Rhe1 Ne4 29. Nb3 Rc7 30. f3 Qg5+ 31. Kb1 Nf4 32. Qg1 Nxg3 33. Qd4 Rg8 34. Qd6+ Kd8 35. Nxd7 Qe7 36. Qxf4 1-0

[Event "Reykjavik Open 2026"]
[Site "Reykjavik"]
[Date "2026.03.29"]
[Round "7.72"]
[White "Birkisson, Bardur Orn"]
[Black "Delpech, Anthony"]
[Result "1-0"]
[WhiteElo "2207"]
[WhiteFideId "2310597"]
[BlackElo "1927"]
[BlackFideId "36021245"]
[Variant "Standard"]

1. d4 Nf6 2. c4 g6 3. Nc3 d5 4. e3 Bg7 5. cxd5 Nxd5 6. Bc4 Nxc3 7. bxc3 c5 8. Nf3 Nc6 9. O-O O-O 10. Ba3 b6 11. Qe2 Qc7 12. Rad1 Bg4 13. h3 Bxf3 14. Qxf3 cxd4 15. cxd4 Ne5 16. dxe5 Qxc4 17. Bxe7 Rfe8 18. Bf6 Qxa2 19. Rd6 Qc2 20. e6 fxe6 21. Bxg7 Kxg7 22. Rd7+ Kh6 23. e4 Rf8 24. Qg4 Qc5 25. Qh4+ Qh5 26. Qe7 Qc5 27. Qxh7+ Kg5 28. h4+ Kf4 29. Qxg6 Rg8 30. g3+ Kf3 31. Qf6+ Ke2 32. Re1+ 1-0

[Event "Reykjavik Open 2026"]
[Site "Reykjavik"]
[Date "2026.03.29"]
[Round "7.73"]
[White "Nedin, Danylo"]
[Black "Vemparala, Nikash"]
[Result "1-0"]
[WhiteElo "1909"]
[WhiteFideId "14195887"]
[BlackElo "2201"]
[BlackFideId "30960967"]
[Variant "Standard"]

1. b3 d5 2. Bb2 Nf6 3. Nf3 Bf5 4. d3 h6 5. g3 e6 6. Bg2 Be7 7. O-O O-O 8. Nbd2 Bh7 9. Re1 c5 10. Ne5 Qc7 11. e4 d4 12. f4 Nbd7 13. Nxd7 Nxd7 14. a4 b6 15. e5 Rae8 16. Qf3 Rc8 17. Re2 Kh8 18. Rae1 a6 19. g4 b5 20. axb5 axb5 21. Qh3 Nb6 22. Be4 Bxe4 23. Nxe4 Nd5 24. Bc1 Kg8 25. Rg2 c4 26. g5 cxd3 27. Nf6+ Kh8 28. Nxd5 exd5 29. cxd3 Bb4 30. Rf1 Qxc1 31. Rxc1 Rxc1+ 32. Kf2 Bd2 33. gxh6 g6 34. f5 Be3+ 35. Ke2 g5 36. Qh5 g4 37. Qxg4 Bxh6 38. Qxd4 Rfc8 39. e6+ Kh7 40. e7 R8c2+ 41. Kf3 Rf1+ 42. Kg3 Rc8 43. Qf6 Ra8 44. Kh3 Rf3+ 45. Rg3 1-0

[Event "Reykjavik Open 2026"]
[Site "Reykjavik"]
[Date "2026.03.29"]
[Round "7.74"]
[White "Zhang, Xiao"]
[Black "Andersson, Mitchell"]
[Result "1-0"]
[WhiteElo "2164"]
[WhiteFideId "8610894"]
[BlackElo "1905"]
[BlackFideId "1765817"]
[Variant "Standard"]

1. d4 d5 2. Nf3 Nf6 3. c3 Bf5 4. Qb3 Qc8 5. c4 dxc4 6. Qxc4 e6 7. Nc3 Nbd7 8. Nh4 Nb6 9. Qb3 Qd7 10. Nxf5 exf5 11. e3 Qe6 12. Bd2 c6 13. Be2 Bd6 14. O-O O-O 15. Rfe1 Rfe8 16. Qxe6 Rxe6 17. f3 Rae8 18. Bd3 g6 19. e4 fxe4 20. fxe4 Bb4 21. e5 Nfd5 22. a3 Be7 23. Be2 f5 24. a4 Nb4 25. a5 N6d5 26. Bc4 Rd8 27. Ra4 Kf7 28. Rf1 b5 29. axb6 axb6 30. Ra7 Ke8 31. Ne2 b5 32. Bb3 Nd3 33. Rb7 Rd7 34. Rb8+ Rd8 35. Bxd5 cxd5 36. Rxb5 Nxe5 37. dxe5 Rxe5 38. Nd4 Rc8 39. Nf3 Re2 40. Rxd5 Rc2 41. b4 Rb2 42. b5 g5 43. Re1 Rxe1+ 44. Nxe1 f4 45. h3 h5 46. Ba5 Kf7 47. Nd3 Rb1+ 48. Kf2 Ke6 49. Re5+ Kd7 50. b6 Bd8 51. Rd5+ Ke8 52. Rxd8+ Kxd8 53. b7+ Ke7 54. Bb4+ 1-0